000 00547nam a2200169Ia 4500
008 090201s9999 xx 000 0 und d
010 _aKPL-18489
040 _bमराठी
041 _aमराठी
082 _a4453
_b18489
100 _aमध्ुसुदन कालेलकर
245 _aतो राजहंस एक
_cमध्ुसुदन कालेलकर
260 _c2004
_bकमलिनी फडके
300 _a92
_bमोठा
600 _aतो राजहंस एक
942 _cBOOK
999 _c205486
_d205486